Knowledge management (Record no. 837)
[ view plain ]
| 000 -LEADER | |
|---|---|
| fixed length control field | 00371nam a2200145Ia 4500 |
| 008 - FIXED-LENGTH DATA ELEMENTS--GENERAL INFORMATION | |
| fixed length control field | 130318s9999 xx 000 0 und d |
| 020 ## - INTERNATIONAL STANDARD BOOK NUMBER | |
| International Standard Book Number | 8129700972 |
| 082 ## - DEWEY DECIMAL CLASSIFICATION NUMBER | |
| Classification number | 658.4038 AWA/K |
| 100 ## - MAIN ENTRY--PERSONAL NAME | |
| Personal name | Awad, Elias M |
| 245 ## - TITLE STATEMENT | |
| Title | Knowledge management |
| 260 ## - PUBLICATION, DISTRIBUTION, ETC. | |
| Name of publisher, distributor, etc. | Pearson Education |
| Place of publication, distribution, etc. | New Delhi |
| Date of publication, distribution, etc. | 2004 |
| 300 ## - PHYSICAL DESCRIPTION | |
| Extent | 456 |
| 650 ## - SUBJECT ADDED ENTRY--TOPICAL TERM | |
| Topical term or geographic name entry element | KNOWLEDGE MANAGEMENT |
| 700 ## - ADDED ENTRY--PERSONAL NAME | |
| Personal name | Ghaziri, Hassan M |
| Withdrawn status | Lost status | Damaged status | Not for loan | Collection code | Home library | Current library | Shelving location | Date acquired | Cost, normal purchase price | Total Checkouts | Full call number | Barcode | Date last seen | Price effective from | Koha item type |
|---|---|---|---|---|---|---|---|---|---|---|---|---|---|---|---|
| Knowledge Management/ Management Information System | Kerala University of Digital Sciences, Innovation and Technology Knowledge Centre | Kerala University of Digital Sciences, Innovation and Technology Knowledge Centre | Management | 18/03/2013 | 251.00 | 658.4038 AWA/K | 844 | 18/03/2013 | 18/03/2013 | Books |